000 00785nam a2200229Ia 4500
001 dia_4290
003 CHAP
005 20251014144103.0
008 220601s9999 xx 000 0 und d
040 _amxchpua
_erda
090 _aFOLLETO 2816
100 _aGonzález Lauck, Victor W.
_949093
245 _aGuía para producir yuca intercalada con frijol pelon en la Sabana de Huimanguillo, Tabasco / Victor W. González Lauck
260 _aMéxico : SARH, Instituto nacional de investigaciones forestales y agropecuarias
300 _aS.p.
500 _aD. (Desplegable para productores, 8)
650 _a1. Yuca2. FrijolÌ
_9176032
901 _aFOLLETO 2816
902 _aM
905 _a0000001897 mx 0000000000spa00
942 _cFOLL
_2local
999 _c209484
_d209484